| 000 | 00000nas##2200000za#4500 |
| 001 | 9.502202 |
| 003 | CaOODSP |
| 005 | 20210305161732 |
| 007 | cr ||||||||||| |
| 008 | 150406c2008||||xxc|| m o||||f| |0fre|d |
| 040 | |aCaOODSP|bfre |
| 043 | |an-cn--- |
| 086 | 1 |aYC17-3-0F-PDF |
| 110 | 1 |aCanada.|bSénat. |bComité permanent des affairs sociale, des sciences et de la technologie, Sous-comité sur la santé des populations. |
| 245 | 10|aRapport du Sous-comité sénatorial sur la santé des populations |h[ressource électronique] |
| 246 | 3 |aRapport du Comité sénatorial permanent des Affaires sociales, des sciences et de la technologie, Sous-comité sur la santé des populations |
| 260 | |aOttawa - Ontario : |bSénat. |cLe 26 février 2008-. |
| 310 | |aIrrégulier |
| 362 | 1 |a39e législature, 2e session, [1e rapport]- |
| 691 | 07|aSanté|2gcpds |
| 775 | 08|tReport of the Senate Subcommittee on Population Health |w(CaOODSP)9.505797 |